| 000 | 00553nam a2200217Ia 4500 | ||
|---|---|---|---|
| 003 | OSt | ||
| 005 | 20220928145608.0 | ||
| 006 | a|||||r|||| 00| 0 | ||
| 007 | ta | ||
| 008 | 220927b |||||||| |||| 00| 0 eng d | ||
| 024 | _a81383 | ||
| 037 | _cTextual | ||
| 040 |
_aSDCL _cSDCL _beng |
||
| 041 |
_2eng _aeng |
||
| 082 | _aV41:1958'N4, L1 | ||
| 100 |
_aClubb O Edmund _9513590 |
||
| 245 | 0 |
_aChina and Russia _b The great game |
|
| 260 | _c1971 | ||
| 942 |
_hV41:1958'N4, L1 _cTEXL _2CC |
||
| 999 |
_c834240 _d834240 |
||